000 00894nam a2200205Ia 4500
001 13114
003 GE_BSU
008 181216s||||||||xx |||||||||||||| ||und||
040 _cGE_BSU
080 _a631.4
100 _aВильямс,В.Р.
245 _aСобрание сочинении в двенадцати томах.т.6. Почвоведение Земледелие с основами почвоведения(1927-1938)
245 _cРед.кол.В.П.Бушинский.Т.Д.Лысенко.Ред.А.И.Корчагин
260 _aМосква
260 _bГосиздат сель.-хоз.лит-ры
260 _c1951
300 _a576стр.илл.фото.27см.
653 _aСобрание сочинении в двенадцати томах.т.6. Почвоведение Земледелие с основами почвоведения
942 _cBK
999 _c46280
_d46280